Sports Quiz

Random Sports or NFL Quiz

Notable Undrafted Players (NFL) Quiz Stats

Quiz not verified by Sporcle

Challenge
Share
Tweet
Embed
Score 0/16 Timer 07:00
0 Plays Today
Team (Position) Player % Correct
Dallas Cowboys (QB)Tony Romo
97.2%
San Diego Chargers (TE)Antonio Gates
94.5%
St. Louis Rams (QB)Kurt Warner
93.8%
Pittsburgh Steelers (RB)Willie Parker
89%
Houston Oilers (QB)Warren Moon
83.4%
Indianapolis Colts (C)Jeff Saturday
82.8%
New Orleans Saints (RB)Pierre Thomas
80%
New England Patriots (K)Adam Vinatieri
74.5%
Team (Position) Player % Correct
Pittsburgh Steelers (LB)James Harrison
71.7%
San Francisco 49ers (QB)Jeff Garcia
67.6%
Tennessee Titans (K)Rob Bironas
63.4%
Cleveland Browns (WR)Josh Cribbs
49%
Baltimore Ravens (RB)Priest Holmes
35.9%
Los Angeles Rams (CB)Dick 'Night Train' Lane
25.5%
St. Louis Rams (LB)London Fletcher
25.5%
Washington Redskins (OT)Joe Jacoby
9.7%

You're not logged in!

Compare scores with friends on all Sporcle quizzes.
Sign Up with Email
OR
Log In

You Might Also Like...

Show Comments

Extras

Top Quizzes Today


Score Distribution

Your Account Isn't Verified!

In order to create a playlist on Sporcle, you need to verify the email address you used during registration. Go to your Sporcle Settings to finish the process.